|
|
|
|
| LEADER |
00765nam a2200229 a 4500 |
| 001 |
00007419 |
| 008 |
101124s1991 uk a 001 0 eng |
| 020 |
|
|
|a 0174481802
|
| 040 |
|
|
|a BD-DhAAL
|c BD-DhAAL
|
| 082 |
0 |
0 |
|a 004
|2 20
|
| 100 |
1 |
|
|a Bishop, Peter.
|
| 245 |
1 |
0 |
|a Computing science /
|c Peter Bishop.
|
| 250 |
|
|
|a 3rd ed.
|
| 260 |
|
|
|a Walton-on-Thames ;
|a Australia :
|b Nelson,
|c 1991.
|
| 300 |
|
|
|a vii, 470 p. :
|b col. ill. ;
|c 26 cm.
|
| 500 |
|
|
|a Includes index.
|
| 541 |
|
|
|a 00007419
|
| 650 |
|
0 |
|a Electronic data processing
|
| 650 |
|
0 |
|a Computers.
|
| 852 |
4 |
|
|a Ayesha Abed library
|j General Shelf.
|
| 999 |
|
|
|c 10100
|d 10100
|
| 952 |
|
|
|0 0
|1 0
|2 ddc
|4 0
|6 004_BIS
|7 0
|9 13344
|a BRACUL
|b BRACUL
|c GEN
|d 2010-12-01
|l 1
|o 004 BIS
|p 3010007419
|r 2014-02-02
|s 2014-01-29
|t 1
|w 2010-12-01
|y BK
|